MARC

LEADER 00000nam0a2200000 4500
001 59156
005 20231101211805.0
035 |a (RuTPU)RU\TPU\book\62527 
090 |a 59156 
100 |a 20031222d1987 km y0rusy50 ca 
101 1 |a rus  |c eng 
102 |a RU 
105 |a a z 000zy 
200 1 |a Техническое зрение роботов  |e пер. с англ.  |f под ред. А. Пью 
210 |a Москва  |c Машиностроение  |d 1987 
215 |a 320 с.  |c ил. 
320 |a Библиография в конце глав. 
606 1 |a Роботы промышленные  |x Детали и узлы  |2 stltpush  |3 (RuTPU)RU\TPU\subj\25296  |9 49493 
610 1 |a роботы 
610 1 |a техническое зрение 
610 1 |a визуальная информация 
610 1 |a обработка 
610 1 |a исследование 
610 1 |a дуговая сварка 
610 1 |a автоматическая сборка 
610 1 |a детали 
610 1 |a промышленное использование 
675 |a 621.865.8-2  |v 3 
702 1 |a Пью  |b А.  |g Алан  |4 340 
801 1 |a RU  |b 63413507  |c 20031222  |g PSBO 
801 2 |a RU  |b 63413507  |c 20201027  |g PSBO 
942 |c BK